[Event "Moravia-Silesia Region-chT 0708"]
[Site "Czech Republic"]
[Date "2008.03.09"]
[Round "9.4"]
[White "Richter, Ivan"]
[Black "Ockay, Tomas"]
[Result "0-1"]
[WhiteElo "2024"]
[BlackElo "2113"]
[PlyCount "84"]
[EventDate "2007.10.28"]
[EventType "team-tourn"]
[EventRounds "11"]
[EventCountry "CZE"]
[SourceTitle "EXT 2024"]
[Source "ChessBase"]
[SourceDate "2023.10.10"]
[SourceVersion "1"]
[SourceVersionDate "2023.10.10"]
[SourceQuality "1"]

1. e4 c6 2. d4 d5 3. Nc3 dxe4 4. Nxe4 Nf6 5. Nxf6+ exf6 6. Bf4 Qb6 7. Rb1 Be6 8. b3 Bb4+ 9. Bd2 Qxd4 10. Nf3 Bxd2+ 11. Qxd2 Qb6 12. Bd3 0-0 13. 0-0 Nd7 14. Qf4 Nc5 15. Rbd1 Rad8 16. Be2 Bd5 17. c4 Be4 18. h4 h6 19. h5 Bc2 20. Rd2 Ne6 21. Qe3 Qxe3 22. fxe3 Rxd2 23. Nxd2 Rd8 24. Nf3 Be4 25. Rd1 Rxd1+ 26. Bxd1 c5 27. Nd2 Ng5 28. a3 Kf8 29. b4 b6 30. Kf2 Ke7 31. g4 Kd6 32. Kg3 Ke5 33. Be2 Bc2 34. Bf3 Be4 35. Bd1 f5 36. bxc5 bxc5 37. Nb3 Ne6 38. Na5 f4+ 39. exf4+ Nxf4 40. Nb3 Ne6 41. Bf3 Bxf3 42. Kxf3 Nd4+ 0-1